[Event "interzonal (w)"]
[Site "Chisinau MDA"]
[Date "1995.??.??"]
[Round "11"]
[White "Ciuksyte, Dagne"]
[Black "Lematschko, Tatjana"]
[Result "1-0"]
[WhiteElo "2225"]
[BlackElo "2310"]
[EventDate "1995.09.??"]
[PlyCount "160"]

1.e4 e6 2.d4 d5 3.Nc3 a6 4.Nf3 Nf6 5.Bg5 Be7 6.e5 Nfd7 7.Bxe7 Qxe7 8.Qd2 
c5 9.Qd3 cxd4 10.Nxd4 Nc6 11.f4 Nxd4 12.Qxd4 Qc5 13.O-O-O Qxd4 14.Rxd4 Ke7
15.Be2 b6 16.Bf3 Bb7 17.Re1 h5 18.Rd2 g6 19.Ne2 b5 20.c3 Rhc8 21.Kb1 Nb6 
22.Nd4 Bc6 23.g3 Bd7 24.Be2 Na4 25.Bd3 Rab8 26.Bc2 b4 27.cxb4 Rxb4 28.Bxa4
Rxa4 29.b3 Rb4 30.Rc1 Rxc1+ 31.Kxc1 f6 32.a3 Rb7 33.h4 Rb8 34.Rc2 fxe5 35.
fxe5 g5 36.hxg5 Rg8 37.Nf3 Rf8 38.Nd4 Rg8 39.Nf3 Rf8 40.Rc3 Rf5 41.a4 Be8 
42.Kd2 Kd8 43.Ke3 Rf7 44.Nd4 Bd7 45.Rc2 Rg7 46.Nf3 Bc8 47.Rh2 Rb7 48.Nd4 
Rh7 49.Rh4 Rc7 50.Kd2 Rg7 51.Rxh5 Bd7 52.Ke3 Ke7 53.Kf4 Be8 54.Rh8 Rf7+ 
55.Kg4 Rg7 56.Rh6 Bg6 57.b4 Rg8 58.b5 axb5 59.axb5 Kf7 60.Rh1 Ra8 61.Rf1+ 
Ke7 62.Rf6 Be8 63.Rxe6+ Kf7 64.Rf6+ Kg7 65.b6 Ra4 66.Rf4 Ra8 67.Ne6+ Kh7 
68.Nc7 Rb8 69.Rb4 Bc6 70.e6 Kg6 71.Na6 Re8 72.Nc5 Rb8 73.b7 d4 74.Nd7 Rxb7
75.Ne5+ Kg7 76.Rxb7+ Bxb7 77.e7 Bc8+ 78.Kf4 Bd7 79.Nxd7 Kf7 80.Ne5+ Kxe7 
1-0

[Event "interzonal (w)"]
[Site "Chisinau MDA"]
[Date "1995.??.??"]
[Round "11"]
[White "Radu, Elena-Luminita"]
[Black "Tsoganova, Monika"]
[Result "1/2-1/2"]
[WhiteElo "2330"]
[BlackElo "2295"]
[EventDate "1995.09.??"]
[PlyCount "160"]

1.e4 c5 2.Nf3 d6 3.d4 cxd4 4.Nxd4 Nf6 5.Nc3 a6 6.Be3 e5 7.Nf3 h6 8.Bc4 Be6
9.Bb3 Nbd7 10.O-O Be7 11.Nh4 Qc7 12.Qf3 b5 13.Nf5 Bf8 14.Bd2 b4 15.Nd5 
Bxd5 16.exd5 g6 17.Ng3 a5 18.a3 bxa3 19.Rxa3 Bg7 20.Ba4 O-O 21.Bc6 Ra6 22.
Rfa1 e4 23.Qd1 Ne5 24.Bxa5 Rxa5 25.Rxa5 Nxc6 26.dxc6 Qxc6 27.Ra6 Qc5 28.b4
Qxb4 29.R1a4 Qb5 30.c4 Qb2 31.Rxd6 h5 32.h3 e3 33.fxe3 h4 34.Rd2 Qb6 35.
Nf1 Ne4 36.c5 Qc6 37.Rxe4 Qxe4 38.Rd8 Qc4 39.Rd5 Ra8 40.Rd8+ Rxd8 41.Qxd8+
Bf8 42.c6 Qxc6 43.Qxh4 Bc5 44.Qg5 Qb6 45.h4 Qb4 46.h5 Be7 47.Qe5 gxh5 48.
Qxh5 Qe4 49.Qb5 Kg7 50.Qb2+ Kg6 51.Qb6+ f6 52.Qc7 Bb4 53.Qg3+ Kf7 54.Qh3 
Ke7 55.Qh5 Kd6 56.Qf7 Bc3 57.Qf8+ Kd7 58.Qf7+ Kd6 59.Qa7 Qe5 60.Qa6+ Ke7 
61.Qd3 Ba5 62.Qa3+ Kf7 63.Qb3+ Kg7 64.Qd3 Kf7 65.Qc4+ Kg7 66.Qf4 Bc7 67.
Qf3 Qc3 68.Qg4+ Kf7 69.Qd7+ Kg6 70.Qe8+ Kg7 71.Qe7+ Kg6 72.Qe4+ Kf7 73.Kf2
Ba5 74.Qd5+ Ke7 75.Ng3 Qd2+ 76.Qxd2 Bxd2 77.Kf3 Ke6 78.Ke4 Bc3 79.Ne2 Bb2 
80.Nd4+ Ke7 1/2-1/2

[Event "interzonal (w)"]
[Site "Chisinau MDA"]
[Date "1995.??.??"]
[Round "11"]
[White "Gaponenko, Inna"]
[Black "Hoang Thanh Trang"]
[Result "0-1"]
[WhiteElo "2365"]
[BlackElo "2405"]
[EventDate "1995.09.??"]
[PlyCount "76"]

1.e4 e6 2.d4 d5 3.Nc3 Nf6 4.Bg5 Be7 5.e5 Nfd7 6.Bxe7 Qxe7 7.f4 O-O 8.Nf3 
c5 9.dxc5 Qxc5 10.Qd2 Nb6 11.a3 Nc6 12.b4 Qe7 13.Bd3 f6 14.O-O fxe5 15.
fxe5 Bd7 16.Rf2 Rac8 17.Raf1 a5 18.b5 Na7 19.Qe3 Qc5 20.Qg5 Nxb5 21.Nxb5 
Bxb5 22.Bxh7+ Kxh7 23.Qh5+ Kg8 24.Ng5 Bd3 25.g4 Rxf2 26.Rxf2 Rf8 27.Nf7 
Bh7 28.Kg2 Nc4 29.Rf3 g6 30.Qh6 Rxf7 31.Rxf7 Kxf7 32.Qxh7+ Kf8 33.Qxg6 Qe7
34.Qh6+ Ke8 35.g5 Ne3+ 36.Kf3 Nf5 37.Qh8+ Kd7 38.Qb8 Qxa3+ 0-1

[Event "interzonal (w)"]
[Site "Chisinau MDA"]
[Date "1995.??.??"]
[Round "11"]
[White "Kachiani-Gersinska, Ketino"]
[Black "Peng Zhaoqin"]
[Result "1/2-1/2"]
[WhiteElo "2360"]
[BlackElo "2355"]
[EventDate "1995.09.??"]
[PlyCount "116"]

1.d4 Nf6 2.c4 g6 3.Nc3 Bg7 4.e4 O-O 5.Be2 d6 6.Bg5 Na6 7.f3 e5 8.d5 c6 9.
g4 cxd5 10.cxd5 Bd7 11.Nh3 h6 12.Be3 Nh7 13.Rg1 f5 14.gxf5 gxf5 15.exf5 
Bxf5 16.Nf2 Qh4 17.Qd2 Kh8 18.Ne4 Bxe4 19.Rg4 Qe7 20.Nxe4 Nf6 21.Nxf6 Rxf6
22.O-O-O h5 23.Rg2 Bh6 24.Bxh6 Rc8+ 25.Kb1 Qh7+ 26.Bd3 Qxh6 27.Qxh6+ Rxh6 
28.Rdg1 h4 29.h3 Rf8 30.Rg7 Nc5 31.Bf5 a5 32.b3 Rh5 33.Bc2 e4 34.Bxe4 Nxe4
35.fxe4 Rf1+ 36.Kc2 Rf2+ 37.Kd3 Rf3+ 38.Kd4 Rxh3 39.Rg8+ Kh7 40.R1g7+ Kh6 
41.Rg6+ Kh7 42.R8g7+ Kh8 43.Rxb7 Rg3 44.Rbg7 Rxg6 45.Rxg6 h3 46.Rg1 h2 47.
Rh1 Kg7 48.a3 Kf6 49.b4 axb4 50.axb4 Ke7 51.Kc4 Kd7 52.Kb5 Kc7 53.Ka6 Rh8 
54.Rc1+ Kd7 55.Rh1 Kc7 56.Ka7 Rh3 57.Rc1+ Kd7 58.Rh1 Kc7 1/2-1/2

[Event "interzonal (w)"]
[Site "Chisinau MDA"]
[Date "1995.??.??"]
[Round "11"]
[White "Kulish, Irina"]
[Black "Nikolin, Zorica"]
[Result "1/2-1/2"]
[WhiteElo "2300"]
[BlackElo "2235"]
[EventDate "1995.09.??"]
[PlyCount "109"]

1.e4 e5 2.Nf3 Nc6 3.Nc3 Nf6 4.Bb5 Nd4 5.Ba4 Bc5 6.Nxe5 O-O 7.Nd3 Bb6 8.e5 
Ne8 9.Nd5 d6 10.Ne3 c5 11.c3 Nf5 12.Bb3 Nxe3 13.dxe3 Qg5 14.O-O dxe5 15.e4
Qe7 16.Qh5 Nf6 17.Qxe5 Qxe5 18.Nxe5 Nxe4 19.Be3 Bf5 20.Rad1 Nf6 21.Nc4 Be4
22.Bf4 Bc6 23.Bd6 Rfd8 24.f3 Ne8 25.Be7 Rxd1 26.Rxd1 Nf6 27.Nxb6 axb6 28.
Kf2 Re8 29.Rd8 Rxd8 30.Bxd8 Nd7 31.Be7 g6 32.a3 Kg7 33.Ke3 f6 34.Bd6 f5 
35.Bc7 b5 36.Bc2 Kf6 37.b4 c4 38.Kd4 Ke6 39.h4 Nf6 40.Bd8 Nd7 41.Bc7 Nf6 
42.Bd8 Nd7 43.Bd1 Ne5 44.Be2 Nd3 45.Bg5 Kd6 46.Bd2 Nb2 47.Bf4+ Ke6 48.Bb8 
Na4 49.Bd1 Nb2 50.Bc2 Nd3 51.Bxd3 cxd3 52.Kxd3 Kd5 53.Ke3 h5 54.Kf4 Ke6 
55.Kg5 1/2-1/2

[Event "interzonal (w)"]
[Site "Chisinau MDA"]
[Date "1995.??.??"]
[Round "11"]
[White "Lin Ye"]
[Black "Jezierska, Ivona"]
[Result "1/2-1/2"]
[WhiteElo "2205"]
[BlackElo "2085"]
[EventDate "1995.09.??"]
[PlyCount "126"]

1.c4 g6 2.Nc3 Bg7 3.d4 d6 4.g3 Nf6 5.Bg2 O-O 6.Nf3 Nbd7 7.O-O e5 8.e4 Re8 
9.h3 exd4 10.Nxd4 Nc5 11.Re1 a5 12.b3 c6 13.Bb2 Nfd7 14.f4 Qb6 15.Kh2 a4 
16.Rb1 a3 17.Ba1 Na6 18.Na4 Qa5 19.Bc3 Qd8 20.Nc2 Bxc3 21.Nxc3 Qf6 22.Qd2 
Nac5 23.Rbd1 h5 24.Qd4 h4 25.Qxf6 hxg3+ 26.Kxg3 Nxf6 27.Bf3 Kg7 28.Rxd6 
Rh8 29.h4 Nh5+ 30.Bxh5 Rxh5 31.b4 Na4 32.Nxa4 Rxa4 33.Re3 c5 34.Rxa3 Rxa3+
35.Nxa3 cxb4 36.Nc2 Rc5 37.Ne3 Be6 38.Rb6 Bxc4 39.Rxb4 Ba6 40.Nd5 Bd3 41.
Ne3 Ra5 42.a4 b5 43.axb5 Bxb5 44.f5 Bd7 45.Rd4 Bc6 46.Kf4 Ra1 47.Rd6 Ba8 
48.fxg6 fxg6 49.Ng4 Rf1+ 50.Ke5 Rf7 51.Nf6 Re7+ 52.Re6 Rxe6+ 53.Kxe6 Kh6 
54.Nd5 g5 55.hxg5+ Kxg5 56.Kd6 Bb7 57.Kc7 Ba6 58.e5 Bb5 59.e6 Be8 60.Kd8 
Bh5 61.e7 Bf7 62.Kd7 Kf5 63.Ne3+ Kf4 1/2-1/2

[Event "interzonal (w)"]
[Site "Chisinau MDA"]
[Date "1995.??.??"]
[Round "11"]
[White "Lomineishvili, Maia"]
[Black "Petrenko, Svetlana"]
[Result "1-0"]
[WhiteElo "2295"]
[BlackElo "2250"]
[EventDate "1995.09.??"]
[PlyCount "80"]

1.d4 Nf6 2.c4 g6 3.Nc3 d5 4.Bf4 Bg7 5.e3 e6 6.Nf3 O-O 7.Bd3 a6 8.cxd5 Nxd5
9.Nxd5 exd5 10.Qe2 Nc6 11.a3 Bg4 12.Nd2 Qf6 13.Bg3 Nxd4 14.exd4 Qxd4 15.
O-O c5 16.Nb3 Qxb2 17.Qxb2 Bxb2 18.Ra2 Bxa3 19.Rxa3 c4 20.f3 Be6 21.Nc5 b6
22.Nxe6 fxe6 23.Be2 Rfc8 24.Rfa1 d4 25.Be5 d3 26.Bxd3 cxd3 27.Rxd3 Rc5 28.
f4 g5 29.Bd6 h6 30.Rg3 Rb5 31.Re3 Kf7 32.Rf1 g4 33.Rc1 Re8 34.Rc7+ Kg6 35.
Be5 h5 36.Kf2 Rf8 37.Rg7+ Kh6 38.Re7 Rc8 39.Bg7+ Kh7 40.R3xe6 Rc2+ 1-0

[Event "interzonal (w)"]
[Site "Chisinau MDA"]
[Date "1995.??.??"]
[Round "11"]
[White "Matveeva, Svetlana"]
[Black "Qin Kanying"]
[Result "1/2-1/2"]
[WhiteElo "2440"]
[BlackElo "2370"]
[EventDate "1995.09.??"]
[PlyCount "83"]

1.d4 Nf6 2.c4 g6 3.g3 Bg7 4.Bg2 d5 5.cxd5 Nxd5 6.e4 Nb6 7.Ne2 c5 8.d5 O-O 
9.O-O e6 10.Nec3 Na6 11.Na3 exd5 12.exd5 Bf5 13.g4 Bd7 14.Bf4 Re8 15.Qf3 
Nb4 16.Rfd1 c4 17.Nab5 Nd3 18.Rxd3 cxd3 19.Qxd3 Bxg4 20.Nc7 Bf5 21.Qg3 Nc4
22.Nxa8 Qxa8 23.b3 Ne5 24.Rd1 Qc8 25.Nb5 Qc2 26.Rc1 Qb2 27.Nd6 Nd3 28.Nxe8
Nxc1 29.Bf1 Ne2+ 30.Bxe2 Qxe2 31.Nxg7 Bd3 32.h3 Qf1+ 33.Kh2 Be4 34.Qg1 
Qxg1+ 35.Kxg1 Kxg7 36.d6 Bc6 37.Kf1 f6 38.h4 h5 39.Ke2 Kf7 40.Ke3 Ke6 41.
Bg3 Kf5 42.f3 1/2-1/2

[Event "interzonal (w)"]
[Site "Chisinau MDA"]
[Date "1995.??.??"]
[Round "11"]
[White "Basagic, Vesna"]
[Black "Foisor, Cristina"]
[Result "1/2-1/2"]
[WhiteElo "2340"]
[BlackElo "2345"]
[EventDate "1995.09.??"]
[PlyCount "60"]

1.d4 Nf6 2.c4 g6 3.Nc3 Bg7 4.e4 d6 5.Be2 O-O 6.Nf3 Na6 7.Bg5 c5 8.e5 cxd4 
9.exf6 exf6 10.Bxf6 Qxf6 11.Nd5 Qd8 12.Nxd4 Nc7 13.Nxc7 Qxc7 14.O-O a6 15.
Qd2 Re8 16.Rfe1 Bd7 17.Rad1 Rad8 18.b3 Qc5 19.b4 Qc7 20.Rc1 Re7 21.Bf1 
Rde8 22.Rxe7 Rxe7 23.g3 Re4 24.Nb3 Re8 25.Rd1 Bg4 26.Qxd6 Qc8 27.Rb1 Bf5 
28.Rd1 Bg4 29.Rb1 Bf5 30.Rd1 Bg4 1/2-1/2

[Event "interzonal (w)"]
[Site "Chisinau MDA"]
[Date "1995.??.??"]
[Round "11"]
[White "Sakhatova, Elvira"]
[Black "Lu Xiaosha"]
[Result "1-0"]
[WhiteElo "2340"]
[BlackElo "2280"]
[EventDate "1995.09.??"]
[PlyCount "121"]

1.e4 d5 2.exd5 Qxd5 3.Nc3 Qa5 4.d4 Nf6 5.Nf3 Bg4 6.h3 Bh5 7.g4 Bg6 8.Ne5 
e6 9.h4 Bb4 10.Bd2 Nbd7 11.Nxd7 Kxd7 12.Bg2 h5 13.g5 Nd5 14.Ne2 Qa6 15.a3 
Bxd2+ 16.Qxd2 Rad8 17.O-O-O Kc8 18.Bxd5 exd5 19.f3 Qd6 20.Nf4 Bf5 21.Rhe1 
g6 22.Re5 c6 23.Rde1 Rd7 24.Re8+ Rxe8 25.Rxe8+ Rd8 26.Qe3 Rxe8 27.Qxe8+ 
Kc7 28.Qe3 b6 29.Kd2 c5 30.c3 Kb7 31.Ne2 Ka6 32.Qe8 Be6 33.dxc5 bxc5 34.b4
cxb4 35.Qa4+ Kb6 36.Qxb4+ Qxb4 37.axb4 Kc6 38.Kd3 Kd6 39.Kd4 Bd7 40.Nf4 
Bc6 41.Ng2 Bd7 42.Ne3 Be6 43.f4 a6 44.f5 Bxf5 45.Nxd5 Be6 46.c4 Bd7 47.Nf6
Bc8 48.b5 a5 49.Nd5 Bh3 50.c5+ Kd7 51.Ke5 Kc8 52.c6 Kb8 53.b6 a4 54.Nb4 
Bf1 55.Kd6 a3 56.Kc5 Be2 57.Kd4 Bb5 58.Kc3 Bxc6 59.Nxc6+ Kb7 60.Nd8+ Kxb6 
61.Nxf7 1-0

[Event "interzonal (w)"]
[Site "Chisinau MDA"]
[Date "1995.??.??"]
[Round "11"]
[White "Semenova, Lidia"]
[Black "Khorava, Miranda"]
[Result "1-0"]
[WhiteElo "2310"]
[BlackElo "2270"]
[EventDate "1995.09.??"]
[PlyCount "121"]

1.e4 c5 2.Nf3 e6 3.d4 cxd4 4.Nxd4 a6 5.Bd3 Nf6 6.O-O d6 7.Kh1 Be7 8.f4 
Nbd7 9.a4 Qc7 10.a5 O-O 11.Nc3 Nc5 12.Qe1 Re8 13.Bd2 Bf8 14.b4 Nxd3 15.
cxd3 e5 16.Nf3 Bg4 17.Qg3 Rac8 18.Rac1 exf4 19.Bxf4 Qd7 20.Bg5 Nh5 21.Qf2 
h6 22.Bd2 f5 23.h3 Bxh3 24.gxh3 fxe4 25.Ng1 d5 26.Nce2 Rxc1 27.Rxc1 Bd6 
28.d4 Rf8 29.Qg2 Kh7 30.Rf1 Rc8 31.Qg4 Qxg4 32.hxg4 Rc2 33.gxh5 Rxd2 34.
Rb1 Ra2 35.Kg2 g6 36.hxg6+ Kxg6 37.b5 Rxa5 38.bxa6 b5 39.Nh3 b4 40.Nhf4+ 
Bxf4 41.Nxf4+ Kf5 42.Ne2 Rxa6 43.Rxb4 Ra2 44.Kf2 Ra3 45.Rb8 Rf3+ 46.Kg2 
Re3 47.Rf8+ Kg4 48.Rg8+ Kf5 49.Ng3+ Kf4 50.Nh5+ Kf5 51.Re8 Re2+ 52.Kg3 
Re3+ 53.Kh4 Re1 54.Re5+ Kg6 55.Nf4+ Kf7 56.Nxd5 Kg6 57.Nf4+ Kf6 58.Nh5+ 
Kf7 59.Kg4 e3 60.Kf3 Kg6 61.Nf4+ 1-0

[Event "interzonal (w)"]
[Site "Chisinau MDA"]
[Date "1995.??.??"]
[Round "11"]
[White "Sheremetieva, Marina"]
[Black "Bobrowska, Monika"]
[Result "1/2-1/2"]
[WhiteElo "2250"]
[BlackElo "2310"]
[EventDate "1995.09.??"]
[PlyCount "76"]

1.e4 e6 2.d3 d5 3.Nd2 c5 4.g3 Nc6 5.Bg2 g6 6.Ngf3 Bg7 7.O-O Nge7 8.Re1 O-O
9.h4 h6 10.e5 f5 11.exf6 Rxf6 12.Nb3 Qd6 13.Be3 b6 14.Qd2 Kh7 15.Bf4 Rxf4 
16.gxf4 Bd7 17.d4 Rf8 18.c3 cxd4 19.cxd4 Rxf4 20.Rac1 Nf5 21.Rxc6 Bxc6 22.
Rxe6 Qxe6 23.Qxf4 Ba4 24.h5 gxh5 25.Nbd2 Bd1 26.Bh3 Qg6+ 27.Kh2 Nd6 28.Ne5
Qg5 29.Qe3 Bg4 30.Bg2 Nf5 31.Qxg5 hxg5 32.Bxd5 Nxd4 33.Nxg4 hxg4 34.Kg3 
Ne2+ 35.Kxg4 Bxb2 36.Ne4 Kg6 37.Nxg5 Nc3 38.Bb3 a5 1/2-1/2

[Event "interzonal (w)"]
[Site "Chisinau MDA"]
[Date "1995.??.??"]
[Round "11"]
[White "Shumiakina, Tatiana"]
[Black "Calzetta Ruiz, Monica"]
[Result "1-0"]
[WhiteElo "2345"]
[BlackElo "2130"]
[EventDate "1995.09.??"]
[PlyCount "69"]

1.d4 Nf6 2.Nf3 c5 3.d5 d6 4.g3 g6 5.Bg2 Bg7 6.O-O b5 7.Re1 Bb7 8.e4 O-O 9.
Nbd2 Nbd7 10.a4 a6 11.c4 e6 12.dxe6 fxe6 13.Ng5 Re8 14.Bh3 Nf8 15.Qe2 h6 
16.Ndf3 bxc4 17.e5 dxe5 18.Nxe5 Qd5 19.Ngf3 N6d7 20.Nxd7 Nxd7 21.Bg2 Ne5 
22.Nh4 Qd7 23.Bxh6 Nd3 24.Bxg7 Qxg7 25.Bxb7 Qxb7 26.Nxg6 Nxe1 27.Rxe1 Rad8
28.Ne5 Rd4 29.Qh5 Red8 30.Qg6+ Qg7 31.Qxe6+ Kh7 32.Qf5+ Kh6 33.Qe6+ Kh7 
34.Nc6 R8d6 35.Qf5+ 1-0

[Event "interzonal (w)"]
[Site "Chisinau MDA"]
[Date "1995.??.??"]
[Round "11"]
[White "Zaitseva, Ludmila"]
[Black "Khurtsidze, Nino"]
[Result "1/2-1/2"]
[WhiteElo "2360"]
[BlackElo "2295"]
[EventDate "1995.09.??"]
[PlyCount "90"]

1.d4 d5 2.Nf3 g6 3.c3 Bg7 4.Bf4 Nf6 5.h3 O-O 6.Nbd2 b6 7.e3 Bb7 8.Be2 c5 
9.O-O Nbd7 10.Ne5 e6 11.b4 Qe7 12.bxc5 bxc5 13.Rb1 Nb6 14.a4 cxd4 15.cxd4 
Ne4 16.Nxe4 dxe4 17.Qb3 Bd5 18.Qb5 Rac8 19.a5 Bxe5 20.dxe5 Nc4 21.Rbc1 Rb8
22.Qa6 Nd2 23.Rfd1 Nb3 24.Rc3 Rfd8 25.h4 h6 26.Bxh6 Qxh4 27.Bf4 Kg7 28.Bg3
Qe7 29.Bf1 Nc5 30.Rxc5 Qxc5 31.Bh4 Rd7 32.Bf6+ Kf8 33.Rd2 Rdb7 34.Kh2 Ke8 
35.Rd1 Rb1 36.Be2 Kd7 37.Rd4 R1b4 38.Bd1 Kc7 39.Ba4 R8b7 40.Be8 Kb8 41.
Qd6+ Qxd6 42.exd6 Rxd4 43.Bxd4 e5 44.Bxe5 Kc8 45.d7+ Rxd7 1/2-1/2

[Event "interzonal (w)"]
[Site "Chisinau MDA"]
[Date "1995.??.??"]
[Round "12"]
[White "Bojkovic, Natasa"]
[Black "Krupkova, Petra"]
[Result "1/2-1/2"]
[WhiteElo "2425"]
[BlackElo "2210"]
[EventDate "1995.09.??"]
[PlyCount "132"]

1.e4 e5 2.Nf3 Nc6 3.Bb5 f5 4.d3 fxe4 5.dxe4 Nf6 6.O-O d6 7.Qd3 Bg4 8.a3 
Qd7 9.Nc3 Be7 10.Bc4 Bxf3 11.Qxf3 O-O-O 12.b4 Rdf8 13.Qd3 Nh5 14.Nd5 Nf4 
15.Qd1 h5 16.b5 Nd8 17.a4 Nde6 18.a5 Nc5 19.b6 cxb6 20.axb6 a6 21.Be3 Bd8 
22.Bxc5 dxc5 23.f3 Nxd5 24.Bxd5 Bxb6 25.Rb1 Rh6 26.Qd2 Rg6 27.Qc3 Qc7 28.
Qc4 Rff6 29.Rb3 Kd8 30.Kh1 Ke7 31.Rfb1 Rh6 32.Qe2 g5 33.Bc4 Kf8 34.Qe3 
Rhg6 35.Qe2 Rh6 36.Qd2 Rhg6 37.Rd3 Ba5 38.Qe3 b5 39.Bd5 c4 40.Rdd1 Bb6 41.
Qa3+ Bc5 42.Qc3 Kg7 43.Rd2 Kh7 44.Rbd1 Bd4 45.Rxd4 exd4 46.Qxd4 Rd6 47.e5 
Rd8 48.e6 Qd6 49.h4 Qxd5 50.Qxd5 Rxd5 51.Rxd5 Rxe6 52.hxg5 b4 53.Rd7+ Kg6 
54.Rb7 a5 55.f4 c3 56.Kh2 Re2 57.Rb6+ Kf7 58.g6+ Kg7 59.f5 Rf2 60.Rb7+ Kg8
61.Rb8+ Kg7 62.Rb7+ Kg8 63.Rb5 a4 64.Rxb4 Rxf5 65.Rxa4 Rf2 66.Ra5 Kg7 
1/2-1/2

[Event "interzonal (w)"]
[Site "Chisinau MDA"]
[Date "1995.??.??"]
[Round "12"]
[White "Danielian, Elina"]
[Black "Shumiakina, Tatiana"]
[Result "1/2-1/2"]
[WhiteElo "2320"]
[BlackElo "2345"]
[EventDate "1995.09.??"]
[PlyCount "54"]

1.d4 d5 2.Nf3 c6 3.Bf4 Bf5 4.Nbd2 Nf6 5.e3 e6 6.c4 Be7 7.h3 h6 8.Qb3 Qc8 
9.Be2 O-O 10.O-O Nbd7 11.Rfc1 Re8 12.Ne5 Nxe5 13.Bxe5 Nd7 14.Bg3 Bf6 15.a4
Bd8 16.Bf3 Nf6 17.Qc3 a5 18.Be5 Qd7 19.Nb3 Qe7 20.Nc5 Nd7 21.Nxd7 Qxd7 22.
b4 axb4 23.Qxb4 Bd3 24.cxd5 cxd5 25.Bd1 Ba5 26.Qa3 Bc4 27.Bb3 Bxb3 1/2-1/2

[Event "interzonal (w)"]
[Site "Chisinau MDA"]
[Date "1995.??.??"]
[Round "12"]
[White "Gaponenko, Inna"]
[Black "Sakhatova, Elvira"]
[Result "1/2-1/2"]
[WhiteElo "2365"]
[BlackElo "2340"]
[EventDate "1995.09.??"]
[PlyCount "44"]

1.e4 c5 2.Nf3 d6 3.d4 cxd4 4.Nxd4 Nf6 5.Nc3 a6 6.Be2 e5 7.Nb3 Be7 8.O-O 
O-O 9.Kh1 b5 10.a4 Bb7 11.axb5 axb5 12.Rxa8 Bxa8 13.Qd3 b4 14.Nd5 Bxd5 15.
exd5 Nbd7 16.c4 bxc3 17.bxc3 Qb6 18.c4 Rb8 19.Bd1 Rc8 20.Be2 Rb8 21.Bd1 
Rc8 22.Be2 Rb8 1/2-1/2

[Event "interzonal (w)"]
[Site "Chisinau MDA"]
[Date "1995.??.??"]
[Round "12"]
[White "Hoang Thanh Trang"]
[Black "Basagic, Vesna"]
[Result "0-1"]
[WhiteElo "2405"]
[BlackElo "2340"]
[EventDate "1995.09.??"]
[PlyCount "130"]

1.d4 d5 2.c4 e6 3.Nc3 Bb4 4.Nf3 Nf6 5.Bg5 Nbd7 6.cxd5 exd5 7.Qb3 c5 8.a3 
Qa5 9.Bd2 Bxc3 10.Bxc3 Qc7 11.dxc5 Nxc5 12.Qd1 Nce4 13.Bd4 O-O 14.g3 Bd7 
15.Bg2 Qa5+ 16.b4 Qa6 17.Bxf6 Nxf6 18.Nd4 Rac8 19.Qd3 Qb6 20.O-O Rc4 21.e3
Rfc8 22.Qd2 Ne4 23.Bxe4 dxe4 24.Rfc1 Bh3 25.Rxc4 Rxc4 26.Rc1 Qc7 27.Rc2 h6
28.Qe2 Rc3 29.Qd2 Rd3 30.Qc1 Qd7 31.Rc3 Rxc3 32.Qxc3 Qa4 33.Qc1 Qa6 34.Nb3
Qd3 35.Nd4 b5 36.Nc6 a6 37.Nd4 h5 38.Nc6 Kh8 39.Ne5 Qd5 40.Nc6 Qb3 41.Nd4 
Qd3 42.Nc6 Kg8 43.Nd4 Kh7 44.f4 exf3 45.Qc2 Qxc2 46.Nxc2 Kg6 47.Nd4 Bg4 
48.Kf2 Kf6 49.Nb3 Ke5 50.Nc5 Bc8 51.Kxf3 Kd5 52.Ne4 Bg4+ 53.Kf4 f6 54.h4 
Kc4 55.Nd2+ Kc3 56.Ne4+ Kb2 57.Nc5 Kxa3 58.Nxa6 Bc8 59.Nc7 Kxb4 60.Ke4 Kc4
61.Ne8 Bd7 62.Nd6+ Kc3 63.Kd5 b4 64.Ne4+ Kc2 65.Kd6 b3 0-1

[Event "interzonal (w)"]
[Site "Chisinau MDA"]
[Date "1995.??.??"]
[Round "12"]
[White "Jezierska, Ivona"]
[Black "Ratcu, Tatiana"]
[Result "1-0"]
[WhiteElo "2085"]
[BlackElo "2080"]
[EventDate "1995.09.??"]
[PlyCount "149"]

1.e4 c5 2.c3 d5 3.exd5 Qxd5 4.d4 Nf6 5.Nf3 e6 6.Bd3 Nc6 7.O-O cxd4 8.cxd4 
Be7 9.Nc3 Qd8 10.a3 O-O 11.Bc2 b6 12.Qd3 Bb7 13.Bg5 g6 14.Rfd1 Nd5 15.Ne4 
Rc8 16.Bh6 Re8 17.Rac1 Qc7 18.Ba4 Red8 19.b4 a6 20.h4 Qb8 21.Bb3 Nf6 22.
Ng3 Rd7 23.Qe2 Nd8 24.Rxc8 Qxc8 25.Ne5 Rc7 26.h5 Rc3 27.Rd3 Bf8 28.Bxf8 
Kxf8 29.hxg6 hxg6 30.Qe3 Rxd3 31.Qxd3 Qc1+ 32.Bd1 Nd5 33.Ne2 Qg5 34.Nf3 
Qf6 35.Qd2 Nc6 36.Bb3 Nce7 37.Ne5 Ke8 38.a4 Nc6 39.Bxd5 exd5 40.Qe3 Qe7 
41.b5 Na5 42.Qd3 Nc4 43.Nxc4 dxc4 44.Qxc4 Qg5 45.Ng3 axb5 46.Qxb5+ Qxb5 
47.axb5 Bd5 48.Ne2 Ke7 49.Nc3 Bc4 50.f3 g5 51.Kf2 Ke6 52.Ke3 f6 53.g3 f5 
54.f4 g4 55.Kd2 Kd6 56.Kc2 Ke6 57.Kb2 Kd6 58.Ka3 Ke6 59.Kb4 Bd3 60.Na4 Kd5
61.Nxb6+ Kxd4 62.Nc8 Kd5 63.b6 Kc6 64.Kc3 Bb1 65.Kd4 Kb7 66.Ne7 Kxb6 67.
Ke5 Kc5 68.Nxf5 Kc4 69.Nh6 Kd3 70.Nxg4 Ke2 71.Nh6 Kf3 72.g4 Kg3 73.f5 Ba2 
74.f6 Bb3 75.Kf5 1-0

[Event "interzonal (w)"]
[Site "Chisinau MDA"]
[Date "1995.??.??"]
[Round "12"]
[White "Khorava, Miranda"]
[Black "Calzetta Ruiz, Monica"]
[Result "1-0"]
[WhiteElo "2270"]
[BlackElo "2130"]
[EventDate "1995.09.??"]
[PlyCount "65"]

1.Nf3 c5 2.b3 d6 3.d4 cxd4 4.Nxd4 e5 5.Nf3 e4 6.Nd4 d5 7.Bb2 Nf6 8.e3 Nc6 
9.Be2 Bd6 10.Nd2 O-O 11.O-O Ne5 12.h3 a6 13.c4 Bb8 14.Rc1 Qd6 15.c5 Qc7 
16.f4 exf3 17.N4xf3 Ng6 18.Bxf6 gxf6 19.Rf2 Kh8 20.Nf1 Rg8 21.Kh1 Be6 22.
Qd4 Qd8 23.Qb4 Qf8 24.Qxb7 Ra7 25.Qb4 Qh6 26.c6 Bf5 27.Qd4 Ne5 28.Nxe5 
Bxe5 29.Qxa7 Be4 30.Bf3 Qh4 31.Kg1 Qxh3 32.Bxe4 dxe4 33.Qxf7 1-0

[Event "interzonal (w)"]
[Site "Chisinau MDA"]
[Date "1995.??.??"]
[Round "12"]
[White "Khurtsidze, Nino"]
[Black "Berezina, Irina"]
[Result "1-0"]
[WhiteElo "2295"]
[BlackElo "2195"]
[EventDate "1995.09.??"]
[PlyCount "133"]

1.d4 Nf6 2.Nf3 g6 3.c4 Bg7 4.g3 O-O 5.Bg2 d6 6.O-O c6 7.Nc3 Qa5 8.e4 Bg4 
9.h3 Bxf3 10.Bxf3 e5 11.d5 cxd5 12.cxd5 Nbd7 13.a3 Rfc8 14.b4 Qd8 15.Qb3 
a6 16.Be3 h5 17.Rfc1 Kh7 18.a4 Bh6 19.Bxh6 Kxh6 20.a5 Kg7 21.h4 Rc7 22.Rc2
Rac8 23.Rac1 Ne8 24.Bg2 Kh7 25.Bh3 Ng7 26.b5 axb5 27.Qxb5 f5 28.Qe2 Nf6 
29.exf5 gxf5 30.Nb5 Rxc2 31.Rxc2 Rxc2 32.Qxc2 Kg6 33.Qd2 Ne4 34.Qb4 Ne8 
35.Na3 Nc5 36.Nc4 Qe7 37.Ne3 Ng7 38.Qb1 e4 39.Qb6 Nd3 40.Nc4 Ne8 41.Ne3 
Ng7 42.Nc4 Ne8 43.Qe3 Qf6 44.Bf1 Ne5 45.Be2 Nxc4 46.Bxc4 Ng7 47.Kg2 Kf7 
48.Bb5 Qe5 49.Bc4 Qe7 50.Qg5 Qe5 51.Be2 Qxd5 52.Bxh5+ Nxh5 53.Qxh5+ Kg7 
54.Qg5+ Kf7 55.Kh2 Qxa5 56.h5 Qe5 57.Qg6+ Ke7 58.h6 Qh8 59.Kg2 Kf8 60.h7 
b6 61.Kh3 b5 62.Kh4 b4 63.Kg5 Qg7 64.Kxf5 Qd7+ 65.Kg5 Qg7 66.Kh5 b3 67.Qh6
1-0

[Event "interzonal (w)"]
[Site "Chisinau MDA"]
[Date "1995.??.??"]
[Round "12"]
[White "Lematschko, Tatjana"]
[Black "Burtman, Sharon"]
[Result "1-0"]
[WhiteElo "2310"]
[BlackElo "2065"]
[EventDate "1995.09.??"]
[PlyCount "87"]

1.d4 f5 2.c4 Nf6 3.Nc3 g6 4.g3 Bg7 5.Bg2 O-O 6.Nf3 d6 7.O-O Qe8 8.d5 Na6 
9.Nd4 Bd7 10.Rb1 c6 11.Bg5 Nc7 12.Bxf6 Bxf6 13.e3 c5 14.Ne6 Bxe6 15.dxe6 
Rb8 16.Ne2 b5 17.cxb5 Qxb5 18.b3 Kh8 19.Nf4 a5 20.h4 Be5 21.Nd5 Nxd5 22.
Bxd5 Rfc8 23.a4 Qb6 24.Qd3 Rf8 25.f4 Bf6 26.Kg2 Qc7 27.Rh1 Kg7 28.h5 Rh8 
29.Rbc1 Rb4 30.h6+ Kf8 31.Rc4 Rb8 32.Rb1 Ke8 33.Bf3 Rg8 34.g4 Bh8 35.g5 
Rb4 36.Rxb4 cxb4 37.Rc1 Bc3 38.Qa6 Kd8 39.Bc6 Qc8 40.Qxa5+ Qc7 41.Qa6 Qc8 
42.Qb5 Qxe6 43.Qb6+ Kc8 44.Rd1 1-0

[Event "interzonal (w)"]
[Site "Chisinau MDA"]
[Date "1995.??.??"]
[Round "12"]
[White "Maksimovic, Suzana"]
[Black "Kulish, Irina"]
[Result "1-0"]
[WhiteElo "2190"]
[BlackElo "2300"]
[EventDate "1995.09.??"]
[PlyCount "141"]

1.d4 Nf6 2.c4 e6 3.Nc3 Bb4 4.e3 c5 5.Bd3 Nc6 6.Ne2 d5 7.a3 cxd4 8.exd4 
dxc4 9.Bxc4 Bd6 10.Bg5 O-O 11.h4 Re8 12.Kf1 a6 13.Rc1 Bc7 14.Ba2 Nd5 15.
Qd3 Nxc3 16.Rxc3 g6 17.Be7 Qxe7 18.h5 Qf6 19.hxg6 hxg6 20.Qh3 Rd8 21.Qh7+ 
Kf8 22.Rf3 Qg7 23.Qh4 Bd7 24.Qg5 Nxd4 25.Nxd4 Bb5+ 26.Nxb5 Rd1+ 27.Ke2 
Rxh1 28.Nc3 Rh5 29.Qf6 Qxf6 30.Rxf6 Ke7 31.Rf4 Re5+ 32.Re4 Rxe4+ 33.Nxe4 
Rc8 34.Kd2 Rd8+ 35.Kc2 Rc8 36.Nc3 Kd6 37.Kd3 Ke5 38.Ke3 g5 39.g3 f5 40.Bb1
Kf6 41.Bd3 g4 42.Ne2 e5 43.Nc3 Kg5 44.Ke2 Rh8 45.Bc4 Rh7 46.a4 a5 47.Bd5 
Kf6 48.Bc4 Ke7 49.Nd5+ Kf7 50.Ne3+ Kf6 51.Bd3 e4 52.Bb5 Kg5 53.Nd5 Rh1 54.
b3 Rb1 55.Bc4 Rb2+ 56.Ke3 Kg6 57.Nb6 Kg5 58.Nd7 Rb1 59.Nc5 b6 60.Nd7 Re1+ 
61.Kd2 Rh1 62.Nxb6 f4 63.gxf4+ Kxf4 64.Nd7 Kf3 65.Be2+ Kxf2 66.Bxg4 Rg1 
67.Be2 Rg3 68.Nf6 e3+ 69.Kd3 Rg7 70.Ne4+ Ke1 71.Kxe3 1-0

[Event "interzonal (w)"]
[Site "Chisinau MDA"]
[Date "1995.??.??"]
[Round "12"]
[White "Nikolin, Zorica"]
[Black "Lomineishvili, Maia"]
[Result "0-1"]
[WhiteElo "2235"]
[BlackElo "2295"]
[EventDate "1995.09.??"]
[PlyCount "80"]

1.e4 c5 2.Nf3 e6 3.d4 cxd4 4.Nxd4 a6 5.Bd3 Nf6 6.Nd2 Qc7 7.O-O d6 8.Kh1 
Nbd7 9.f4 Be7 10.N2f3 O-O 11.Qe1 Nc5 12.e5 Nxd3 13.cxd3 Nd5 14.Qg3 Kh8 15.
Bd2 Bd7 16.Rae1 Qb6 17.Bc1 Rac8 18.a3 a5 19.Qh3 Rxc1 20.Rxc1 Nxf4 21.Qg4 
Nxd3 22.exd6 Qxd6 23.Rcd1 f5 24.Qh3 Nxb2 25.Nxf5 Qxd1 26.Rxd1 Nxd1 27.Qg3 
exf5 28.Qc7 Nf2+ 29.Kg1 Ne4 30.Qxd7 Rd8 31.Qa4 b5 32.Qc2 Bxa3 33.g4 fxg4 
34.Qc7 Rd1+ 35.Kg2 gxf3+ 36.Kxf3 Nf6 37.Qxa5 b4 38.h4 Rd3+ 39.Ke2 Rh3 40.
Qd8+ Ng8 0-1